000 00643nam a2200229Ia 4500
003 OSt
005 20220918205122.0
006 a|||||r|||| 00| 0
007 ta
008 220917b |||||||| |||| 00| 0 eng d
024 _a115,426
037 _cTextual
040 _aARTS
_cARTS
_beng
041 _2eng
_aeng
082 _aV58N53:19(zM)x, K3
100 _aSokolovskii V D
_9114211
245 0 _aSoviet military strategy tr by Herbert S Dinerstein
260 _aNew Jersey
_bPrentice Hall
_c1963
650 _aHISTORY
942 _hV58N53:19(zM)x, K3
_cTEXL
_2CC
999 _c238755
_d238755